L'heureuse annonce selon Marc, I : Lecture intégrale du deuxième évangile (notice n° 1643471)

détails MARC
000 -LEADER
fixed length control field 01305cam a2200145 4500500
005 - DATE AND TIME OF LATEST TRANSACTION
control field 20260208000022.0
041 ## - LANGUAGE CODE
Language code of text/sound track or separate title fre
042 ## - AUTHENTICATION CODE
Authentication code dc
100 10 - MAIN ENTRY--PERSONAL NAME
Personal name Delorme, Jean
Relator term author
245 00 - TITLE STATEMENT
Title L'heureuse annonce selon Marc, I : Lecture intégrale du deuxième évangile
260 ## - PUBLICATION, DISTRIBUTION, ETC.
Name of publisher, distributor, etc. Éditions du Cerf,<br/>
Date of publication, distribution, etc. 2008.<br/>
520 ## - SUMMARY, ETC.
Summary, etc. Merveilleux maître de lecture et semeur de parole, Jean Delorme s’est intéressé toute sa vie à l’évangile selon Marc. L’exégète et sémioticien de renom fait une lecture suivie de l’ensemble de cet évangile. Attentive aux moindres détails, cette lecture en construit la signification en un ensemble cohérent. Au-delà de la simple audition d’un message, fût-il « bonne nouvelle », le lecteur est engagé dans un exigeant parcours d’initiation à l’heureuse annonce du règne de Dieu. Dans l’entrelacement du récit mémorial des événements passés et de la parole interprétante, le lecteur de l’évangile de Marc est ainsi conduit sur la voie de l’écoute de cet Autre qui, en le touchant profondément dans son humanité, transformera sa vie et son rapport aux autres.
700 10 - ADDED ENTRY--PERSONAL NAME
Personal name Thériault, Jean-Yves
Relator term author
856 41 - ELECTRONIC LOCATION AND ACCESS
Uniform Resource Identifier <a href="https://shs.cairn.info/lheureuse-annonce-selon-marc-i--9782204085830?lang=fr&redirect-ssocas=7080">https://shs.cairn.info/lheureuse-annonce-selon-marc-i--9782204085830?lang=fr&redirect-ssocas=7080</a>

Pas d'exemplaire disponible.

PLUDOC

PLUDOC est la plateforme unique et centralisée de gestion des bibliothèques physiques et numériques de Guinée administré par le CEDUST. Elle est la plus grande base de données de ressources documentaires pour les Étudiants, Enseignants chercheurs et Chercheurs de Guinée.

Adresse

627 919 101/664 919 101

25 boulevard du commerce
Kaloum, Conakry, Guinée

Réseaux sociaux

Powered by Netsen Group @ 2025